LEADER 01818nam 2200409Ia 450 001 996386218503316 005 20200824132150.0 035 $a(CKB)4940000000078071 035 $a(EEBO)2240988898 035 $a(OCoLC)ocm12610880e 035 $a(OCoLC)12610880 035 $a(EXLCZ)994940000000078071 100 $a19850928d1685 uy | 101 0 $aeng 135 $aurbn||||a|bb| 200 10$aFleta minor, or, The laws of art and nature, in knowing, judging, assaying, fining, refining, and inlarging the bodies of confined metals$b[electronic resource] $ein two parts : the first part contains assays of Lazarus Erckern, Chief Prover (or Assay-Master General of the empire of Germany) in V. books, originally written by him in the Teutonick language, and now translated into English : the second contains essays on metalick words, alphabetically composed, as a dictionary, by Sir John Pettus ... ; illustrated with 44 sculptures 205 $aThe second edition. 210 $aLondon $cPrinted for the author by Thomas Dawks ...$d1685 215 $a2 pts. ([42], 345, [1]; [1-80], 81-133 p.) $cill 300 $aErrata: prelim. p. [42] 300 $aReproduction of original in Huntington Library. 330 $aeebo-0113 606 $aAssaying$vEarly works to 1800 606 $aMetallurgy$vEarly works to 1800 615 0$aAssaying 615 0$aMetallurgy 700 $aErcker$b Lazarus$fd. 1594.$01003672 701 $aPettus$b John$cSir,$f1613-1690.$0322265 801 0$bEAA 801 1$bEAA 801 2$bm/c 801 2$bEAA 801 2$bWaOLN 906 $aBOOK 912 $a996386218503316 996 $aFleta minor, or, The laws of art and nature, in knowing, judging, assaying, fining, refining, and inlarging the bodies of confined metals$92364662 997 $aUNISA LEADER 00901nam a2200253 i 4500 001 991001985319707536 005 20020507154850.0 008 000407s1983 it ||| | ita 035 $ab11592552-39ule_inst 035 $aLE02728516$9ExL 040 $aDip.to Studi Giuridici$bita 082 0 $a342 084 $aC-XIV/B 100 1 $aPegoraro, Lucio$0145052 245 13$aIl governo in Parlamento :$bl'esperienza della 5. Repubblica francese /$cLucio Pegoraro 260 $aPadova :$bCEDAM,$c1983 300 $a174 p. ;$c24 cm. 490 0 $aRicerche di diritto pubblico comparato ;$v3 907 $a.b11592552$b01-03-17$c02-07-02 912 $a991001985319707536 945 $aLE027 C-XIV/B 4$g1$i2027000259090$lle027$o-$pE0.00$q-$rl$s- $t0$u1$v0$w1$x0$y.i11802819$z02-07-02 996 $aGoverno in Parlamento$9577355 997 $aUNISALENTO 998 $ale027$b01-01-00$cm$da $e-$fita$git $h3$i1